000 00688cam a22002293a 4500
001 7860
003 PGUSA
005 20140828083149.0
008 050401s2005||||xxu|||||s|||||000 | eng d
040 _aPGUSA
_beng
042 _adc
050 4 _aPT
100 1 _aRaimund, Ferdinand,
_d1790-1836
245 1 0 _aDie unheilbringende Krone :
_b(oder König ohne Reich, Held ohne Mut, Schönheit ohne Jugend)
_h[electronic resource] /
_cFerdinand Raimund
260 _bProject Gutenberg,
_c2005
506 _aPublic domain in the USA.
516 _aElectronic text
653 _aDrama
830 0 _aProject Gutenberg
_v7860
856 4 0 _uhttp://www.gutenberg.org/ebooks/7860
942 _cEB
999 _c237160
_d237160